| 000 | 00853nam a2200217 a 4500 | ||
|---|---|---|---|
| 001 | 000005081 | ||
| 003 | DO-SdBNP | ||
| 005 | 20251204073701.0 | ||
| 008 | 090729s2001 dr 000 0 spa d | ||
| 040 |
_aDO-SdBNP _bspa _cBNPHU |
||
| 082 | 4 |
_a353.4 _bR426f _222 |
|
| 110 | 1 |
_aRepública Dominicana. _bSuprema Corte de Justicia. _97906 |
|
| 245 | 1 | 4 |
_aLos frutos de una reforma : rendición de cuentas 4to. aniversario _brendición de cuentas 4to. aniversario , 4 de agosto 2001. |
| 260 |
_aSanto Domingo : _bTaina, _c2001. |
||
| 300 |
_aviii, 384 p. ; _c21 cm. |
||
| 505 | 0 |
_tLa función jurisdiccional -- _tLa institucionalización -- _tLa modernización -- |
|
| 590 | _aInventariado, 2020 /LP | ||
| 650 | 0 |
_aAdministración de justicia _zRepública Dominicana _910083 |
|
| 700 | 1 |
_aSubero Isa, Jorge A., _d1947- _epresentada _976863 |
|
| 942 |
_2ddc _cLBS1 |
||
| 999 |
_c4885 _d4885 |
||